000 01927cam a22005534i 4500
003 PE-LiUPU
005 20250731170436.0
008 150625s1992 sp r 000 0 spa d
035 _a(Sirsi) a31537
040 _aPE-LiUPU
_bspa
_cPE-LiUPU
_erda
049 _aPRUA
082 0 4 _a153.7055
_bBP172 G95
_221
100 1 _aGuski, Rainer,
_eautor.
245 1 3 _aLa percepcion /
_cRainer Guski.
264 1 _aBarcelona :
_bHerder,
_c1992.
300 _a
336 _atext
_2rdacontent
337 _aunmediated
_2rdamedia
338 _avolume
_2rdacarrier
490 0 _aBiblioteca de Psicología ;
_v172
505 0 _aFunción de los procesos perceptivos -- Evolución filogenética de la vista y del oído -- Dotación fisiológica para ver y oír -- Supuestos ontogénicos y desarrollo de la percepción -- ¿Cómo obtenemos información sobre nuestro mundo? -- Rendimientos básicos sobre el sistema visual -- Prestaciones básicas del sistema auditivo -- Colaboración de los sentidos.
526 _aSEG68
526 _aSEG70
526 _aSEG69
526 _aSEG67
526 _aSEG43
526 _aP144
526 _aP143
526 _aP131
526 _aP122
526 _aP120
526 _aP117
526 _aP112
526 _aP110
526 _aP106
526 _aP101
526 _aP80
526 _aP59
526 _aP54
526 _aP35
526 _aP33
526 _aP30
942 _2ddc
_cBOOK
949 _a153.7055 BP172 G95
_wDEWEY
_c1
_i36928
_lCCODEBUL1
_mBUL
_p00.00
_r0
_sY
_tBOOK
_u2015-06-25
_xBIBLIOTECA
_zUNKNOWN
_0COMPRA
_o.STAFF. Colección Ciencias de la Salud
994 _aC0
_bPEPRU
596 _a1
999 _a153.7055 BP172 G95
_wDEWEY
_c39099
_i36928
_d39099
_e2019-8-21
_f2021-11-3
_g5
_lCCODEBUL1
_mBUL
_n5
_q3
_r0
_sY
_tBOOK
_u2015-6-25
_xSALUD
_zUNKNOWN
_0COMPRA
_o.STAFF. Colección General
980 _81
_gALBERTO SANCHEZ Responsable de Automatización